Breve historia contemporánea de Costa Rica.
Uloženo v:
| Hlavní autor: | |
|---|---|
| Médium: | Kniha |
| Jazyk: | angličtina |
| Vydáno: |
México D.F., México:
Fondo de Cultura Económica,
1997.
|
| Edice: | Colección Popular,
|
| Témata: | |
| Tagy: |
Přidat tag
Žádné tagy, Buďte první, kdo vytvoří štítek k tomuto záznamu!
|
MARC
| LEADER | 00000nam a22000007a 4500 | ||
|---|---|---|---|
| 003 | CL-VaPUC | ||
| 005 | 20220822114627.0 | ||
| 008 | 220714t1997 ||||| |||| 00| 0 eng d | ||
| 999 | |c 437073 |d 437071 | ||
| 020 | |a 968-16-4989-3 | ||
| 040 | |c Pontificia Universidad Católica de Valparaíso | ||
| 082 | 7 | |a 972.86 PER 1997 |2 22 | |
| 100 | |a Pérez Brignoli, Héctor |9 335552 |e autor | ||
| 245 | |a Breve historia contemporánea de Costa Rica. | ||
| 260 | |a México D.F., México: |b Fondo de Cultura Económica, |c 1997. | ||
| 300 | |a 240 páginas. | ||
| 490 | |a Colección Popular, |n 534. | ||
| 500 | |a c.1 Donación Familia Prof. Alejandro Guzmán Brito. | ||
| 583 | |c 20220714 |k Cristina María Rojas Aguilar | ||
| 651 | |a Costa Rica |x Historia |y Siglos 16-20 |9 873081 | ||
| 942 | |2 ddc |c BK |n 0 | ||
| 952 | |0 0 |1 0 |2 ddc |4 0 |6 972_860000000000000_PER_1997 |7 0 |8 C_AGB |9 584818 |a BIBDER |b BIBDER |d 2022-07-14 |e Donación |i 5652951 |o 972.86 PER 1997 |p 5652951 |r 2023-01-25 |t 1 |w 2022-07-14 |y BK_US |k AGB | ||